| 000 | 00715nam a2200229 a 4500 | ||
|---|---|---|---|
| 005 | 20240910064341.0 | ||
| 008 | 140212s2012 mx r 000 0 spa d | ||
| 020 | _a9786071711878 | ||
| 035 | _aUPN01000195701 | ||
| 049 | _aCG | ||
| 050 | 4 |
_aLC1031 _bM6.7 |
|
| 100 | 1 |
_aMoncada Cerón, Jesús Salvador _933391 |
|
| 245 | 1 | 0 |
_aTutoría en competencias para el aprendizaje autónomo / _cJesús Salvador Moncada Cerón, Beatriz Gómez Villanueva. |
| 260 |
_aMéxico : _bTrillas, _c2012. |
||
| 300 | _a224 p. : | ||
| 440 | 0 | _atablas | |
| 650 | 4 |
_aEducación basada en competencias _913564 |
|
| 650 | 4 |
_aAprendizaje _92861 |
|
| 700 | 1 |
_aGómez Villanueva, Beatriz, _ecoaut. |
|
| 905 | _aLibro | ||
| 999 |
_c167802 _d167802 |
||